Pays produisant le plus de poivre - Statistiques

Statistiques générales
  • Ce quiz a été pris 129 fois
  • Le résultat moyen est 9 sur 20
Statistiques - réponses
1000 tonnes pays % Correct
34 Chine
94%
55 Inde
94%
54 Brésil
88%
82 Indonésie
77%
5 Mexique
76%
216 Viêt Nam
76%
2 Thaïlande
69%
29 Malaisie
66%
3 Cambodge
60%
2 Philippines
60%
29 Sri Lanka
53%
7 Madagascar
33%
5 Éthiopie
24%
2 Équateur
20%
3 Costa Rica
19%
2 Ouganda
10%
4 Ghana
6%
3 Rwanda
6%
2 Malawi
5%
2 Zimbabwe
5%
Aucun quiz correspondant
Distribution des résultats
% des personnes avec chaque résultat
Percentile par nombre de réponses
Votre historique - résultats
Vous n’avez pas pris ce quiz